01334nam a22003137a 4500003000400000005001700004008004100021040002200062082001800084100003200102245004300134260004700177300001900224366000800243490001300251505007700264505016100341505001200502650004600514650005000560650004400610650004800654650004300702650005500745650004700800942002900847999001500876952012900891OSt20230503124351.0221006b |||||||| |||| 00| 0 eng d cBiblioteca Lado V a709.05bR643f 9825aRoberts, Jameseeditor aFrieze/bContemporary Art And Culture/ bDurian Publications Ltd.aInglaterrac2003 c23x30cma104p. eeng a74v2003 tColumnsaPhilosophy Architecture Sport Technology Fashion Interview tFeaturesaPicture: Mandy Bon Voyage Black a rolling stone Body of work Hirsch Perlman saved from avalanche A tangled web Something old, something new  tReviews 2Tesauro de Arte & ArquitecturaaARTE9703 2Tesauro de Arte & ArquitecturaaEXPOSICIONES  2Tesauro de Arte & ArquitecturaaCULTURA 2Tesauro de Arte & ArquitecturaaAPRECIACION 2Tesauro de Arte & ArquitecturaaTEORIA 2Tesauro de Arte & ArquitecturaaARTE CONTEMPORANEO 2Tesauro de Arte & ArquitecturaaINGLATERRA 2ddcc1h709.05iR643fn0 c3525d3525 00102ddc3200340708RevistasaLVbLVd2023-05-03h74i003035l0o709.05 R643fp003035r2023-05-03 00:00:00w2023-05-03y1